000 00856nam a2200217 a 4500
008 120416s1988 ||||||||||||||||| || u
020 _a0120588153
050 _aQR 88 Bac
100 _aAnthony, Christopher
245 1 0 _aBacterial energy transduction
_cedited by Christopher Anthony
260 _aLondon ;San Diego :
_bAcademic Press
_c1988
300 _axv, 517p. : ill.
350 _a0.00
500 _aIncludes bibliographical references.
650 _aBIOCHEMISTRY
650 _aENERGY METABOLISM
650 _aMicrobial metabolism
856 _uhttp://www.loc.gov/catdir/toc/els031/89188374.html
856 _uhttp://www.loc.gov/catdir/description/els032/89188374.html
995 _D0.00
_FCBU-MAIN LIBRARY (Kitwe)
_H1
_I47.00
_M1
_UAVAILABLE
_WMar 23, 2007
_ZAnnex Low-Usage Collection
999 _c35383
_d35383